| 000 | 00354nam a2200109Ia 4500 | ||
|---|---|---|---|
| 008 | 171204s9999 xx 000 0 und d | ||
| 245 | _aCambridge IGCSE and International Certificate: Spanish Foreign Language | ||
| 245 | _cJudith O'Hare | ||
| 260 | _c2013 | ||
| 650 | _xForeign language 2 (Spanish) | ||
| 856 | _uhttp://down.ebook777.com/040/1444181009.pdf | ||
| 999 |
_c346671 _d346671 |
||